000 00365nam a2200157Ia 4500
008 230312s9999||||xx |||||||||||||| ||und||
020 _a1-84112-467-2
082 _a005.3
_bBRO-G
100 _aBrody;Keith
245 0 _aGreat Telecoms Swindle
260 _bCapstone
_aUK
_c2003
300 _a195
546 _aEng.
650 _aComputer
_vProgramming
942 _cBK
999 _c6960
_d6960